Rhetorik, Emblematik und baconistischer Positivismus bei Wenzel Scherffer von Scherffenstein

Titel: Rhetorik, Emblematik und baconistischer Positivismus bei Wenzel Scherffer von Scherffenstein
Verfasser:
In: Oberschlesisches Jahrbuch, Band 7 (1991), Seite 45-67
alle Artikel anzeigen
Veröffentlicht: 1991
Format: Aufsatz
Sprache: Deutsch
Schlagworte:
Kein Bild verfügbar
X
alg: 39255328
001A    $01999:11-11-16 
001B    $03025:30-03-26 $t17:47:16.000 
001D    $01999:11-11-16 
001U    $0utf8 
001X    $00 
002@    $0Aox 
003@    $0392553287 
007A    $0392553287 $aHEB 
007T    $0Herd75755 
010@    $ager 
011@    $a1991 
021A    $aRhetorik, Emblematik und baconistischer Positivismus bei Wenzel Scherffer von Scherffenstein 
028A    $aBomers $dKarl-Jost 
031A    $d7 $h45-67 $j1991 
037A    $aengl. Res. 331: Rhetorics, Emblematics and Bacon's Positivism in Wenzel Scherffer von Scherffenstein; poln. Res. 341: Retoryka, emblematyka i bakonistyczny pozytywizm w twórczości Wenzla Scherffera von Scheffersteina 
039B    $aIn $8--Abvc--. Oberschlesisches Jahrbuch. - Ratingen : Stiftung Haus Oberschlesien, 1985-2009. - ISSN 0930-6978 $x199100000070000955 $904709043X 
044K    $#Scherffer von Scherffenstein, Wenzel $#Scherffer von Scharffenstein, Wenzel $#Scherffenstein, Wencel Scherffer von $#Scherffenstein, Wenzel S. von $#Scherffern, Wencel $#Scherffer, Wencel $#Scherfer, Wenzeslaus $#Scherfer, Wenceslaus $#W. S. $#W. S. V. S. $#S., W. $#Scherffenstein, Wenzel $#Scherffer von Scherffenstein, Wenzeslaus $#Scherffer von Scherffenstein, Wencel $#Der Verlangende $#Verlangende, Der $#Scherffenstein, Wencel S. von $7118607243 $8Scherffer, Wenzel$Z1603-1674 [Tp1] $9086948229 
045F    $a809 $eDDC23BSB 
045F/01 $a809 
045F/03 $f09032 
045F/03 $g4385 
045F/03 $g438 
045T    $a8,1 

lok: 39255328 78

exp: 39255328 78 1 #EPN
201B/01 $019-04-17 $t11:21:45.000 
201U/01 $0utf8 
203@/01 $0788651315 
208@/01 $a11-11-16 $be 
209A/01 $a/ $f000 $x00 
220C/01 $aTitelaufnehmer: wr;mg 
220C/01 $aHerkunft: IH UWr;HI Marburg 
244Z/01 $2Trx $#Silesia $#Śląsk $#Sliezsko $#Slezsko $8--Trx--Schlesien $x01 $9391173987 
244Z/01 $2Trx $8--Trx--Scherffer von Scherffenstein, Wencel$Z1598-1674 $x02 $9390704946 
244Z/01 $2Trx $#kirjandus, Saksa $#literatūra, vokiečių $#Literature, German $#irodalom, német $#literatura niemiecka $#literatúra nemecká $#literatura německá $8--Trx--Literatur, deutsche $x03 $9391368125 
244Z/01 $2Trx $#barokk $#barokas $#Baroque $#barokk $#barok $#baroko $#baroko $8--Trx--Barock $x04 $9391357646 
244Z/01 $2Trx $8--Trx--Zeitschriftenaufsatz $x05 $9391384341 
245Z/01 $a12.03 $x01 
247C/01 $82080>Marburg/Lahn, Herder-Institut, Forschungsbibliothek, Bibliographieportal $9336309341
LEADER 00000caa a22000002c 4500
001 392553287
003 DE-603
005 20260330174716.0
007 tu
008 161111s1991 xx |||| | u00||u|ger c
035 |a (DE-599)HEB392553287 
040 |a DE-603  |b ger  |c DE-603  |d DE-603 
041 |a ger 
082 0 4 |8 1\u  |a 809  |q DE-101  |2 23/BSB 
084 |a 8,1  |2 ssgn 
085 |8 1\u  |b 809 
085 |8 1\u  |z 1  |s 09032 
085 |8 1\u  |z 2  |s 4385 
085 |8 1\u  |z 2  |s 438 
100 1 |a Bomers, Karl-Jost 
245 0 0 |a Rhetorik, Emblematik und baconistischer Positivismus bei Wenzel Scherffer von Scherffenstein 
264 0 |c 1991 
500 |a engl. Res. 331: Rhetorics, Emblematics and Bacon's Positivism in Wenzel Scherffer von Scherffenstein; poln. Res. 341: Retoryka, emblematyka i bakonistyczny pozytywizm w twórczości Wenzla Scherffera von Scheffersteina 
600 1 7 |a Scherffer, Wenzel  |d 1603-1674  |0 (DE-588)118607243  |0 (DE-603)086948229  |2 gnd 
773 0 8 |i In  |t Oberschlesisches Jahrbuch  |d Ratingen : Stiftung Haus Oberschlesien, 1985-2009  |h 24 cm  |x 0930-6978  |g Band 7 (1991), Seite 45-67  |w (DE-603)04709043X  |w (DE-600)82431-8 
924 0 |9 2080  |a (DE-603)788651315  |b DE-2080  |c HES  |d d  |g /